000 01415cam a2200337 a 4500
999 _c7952
_d7952
001 13555688
003 OSt
005 20201023152758.0
008 040412s2005 maua 001 0 eng
010 _a 2004049957
020 _a9780070078062
020 _a0070078068
040 _aDLC
_cDLC
_dDLC
050 0 0 _aTS156
_b.T587 2005
082 0 0 _a658.4013
_222
_bGIT/Q
100 _91273
_aGitlow, Howard S
245 0 0 _aQuality management /
_cHoward S. Gitlow ... [et al.].
250 _a3rd ed.
260 _aBoston :
_bMcGraw-Hill/Irwin,
_cc2005.
300 _axviii, 797 p. :
_bill. ;
_c24 cm. +
440 0 _aMcGraw-Hill/Irwin series Operations and decision sciences
500 _aRev. ed. of: Quality management / Howard Gitlow, Alan Oppenheim, Rosa Oppenheim. c1995
500 _aIncludes index.
538 _aSystem requirements for accompanying CD-ROM: PC, Pentium processor, Windows 98/2000, Internet Explorer 5, Microsoft Office or equivalent.
650 0 _aQuality control
_xStatistical methods.
700 1 _aGitlow, Howard S.
700 1 _aGitlow, Howard S.
_tQuality management.
906 _a7
_bcbc
_corignew
_d1
_eocip
_f20
_gy-gencatlg
942 _2ddc
_cBK
_h658.4013
_iGIT/Q
_k658.4013
_mGIT/Q